00446cam a2200169ua 45000010006000000050017000060080039000230200015000620400009000770820012000861000035000982450044001332500012001772600033001893000010002226530044002321226620260515114846.0200821n ii |||gr||||Z||||||asm a8173391858 cMAIN a891.451 aKarabi Deka Hazarika,eAuthor. aAsomiya kabitacBy Karabi Deka Hazarika a5th ed. aDibrugarh:bBanalata,c2014. a246p. aEast Indo-European & Celtic literatures